[Event "Open 2003 des PSV Rostock"]
[Site "Rostock"]
[Date "2003.08.28"]
[Round "2.18"]
[White "Hammel, Ralf"]
[Black "Roesch, Christian"]
[Result "1-0"]
[WhiteElo "2120"]
[BlackElo "1550"]
[PlyCount "43"]
[EventDate "2003.08.28"]
[EventType "swiss"]
[EventRounds "7"]
[EventCountry "GER"]
[Source "Th. Schwetlick"]
[SourceDate "2003.08.28"]

1. e4 c6 2. d4 d5 3. e5 Bf5 4. Be2 e6 5. Nf3 c5 6. O-O Nc6 7. Be3 cxd4 8. Nxd4
Bg6 9. c4 Nge7 10. Qa4 a6 11. Nc3 Rc8 12. Rfd1 Qa5 13. Qb3 Nxe5 14. cxd5 Nxd5
15. Qxb7 Rxc3 16. bxc3 Nxc3 17. Rdc1 Nxe2+ 18. Nxe2 Nd7 19. Rc8+ Ke7 20. Rc7
Qb5 21. Qxb5 axb5 22. Rd1 1-0

[Event "Open 2003 des PSV Rostock"]
[Site "Rostock"]
[Date "2003.08.28"]
[Round "2.19"]
[White "Illgen, Alexander"]
[Black "Ruesch, Hans Joachim"]
[Result "0-1"]
[WhiteElo "1774"]
[BlackElo "2110"]
[PlyCount "46"]
[EventDate "2003.08.28"]
[EventType "swiss"]
[EventRounds "7"]
[EventCountry "GER"]
[Source "Th. Schwetlick"]
[SourceDate "2003.08.28"]

1. d4 g6 2. c4 Bg7 3. Nc3 d6 4. e4 Nf6 5. Bd3 O-O 6. Nf3 Bg4 7. h3 Bxf3 8. Qxf3
Nc6 9. Be3 Nd7 10. Ne2 Nde5 11. dxe5 Nxe5 12. Qg3 Nxd3+ 13. Kf1 Nxb2 14. Rc1
Nd3 15. Rd1 Ne5 16. c5 Qd7 17. Bd4 Qa4 18. Nc3 Qc4+ 19. Kg1 c6 20. cxd6 exd6
21. Qe3 f6 22. h4 Nf7 23. Ne2 Rfe8 0-1

[Event "Open 2003 des PSV Rostock"]
[Site "Rostock"]
[Date "2003.08.28"]
[Round "2.20"]
[White "Van Bentum, Horst"]
[Black "Heinisch, Uwe"]
[Result "1-0"]
[WhiteElo "2090"]
[BlackElo "1622"]
[PlyCount "57"]
[EventDate "2003.08.28"]
[EventType "swiss"]
[EventRounds "7"]
[EventCountry "GER"]
[Source "Th. Schwetlick"]
[SourceDate "2003.08.28"]

1. e4 d6 2. d4 Nf6 3. Nc3 c6 4. Be2 Qa5 5. Bf3 e5 6. Nge2 Be7 7. O-O Bg4 8.
Bxg4 Nxg4 9. Ng3 Nf6 10. Nf5 Bf8 11. f4 Nbd7 12. Kh1 g6 13. dxe5 dxe5 14. Nd6+
Bxd6 15. Qxd6 O-O-O 16. fxe5 Qxe5 17. Qxe5 Nxe5 18. Rxf6 b5 19. Bf4 Rhe8 20.
Bxe5 Rxe5 21. Rxc6+ Kb7 22. Rf6 Rd7 23. a3 a5 24. Raf1 b4 25. axb4 axb4 26.
Rxf7 Ree7 27. Rxe7 Rxe7 28. Nd5 Rxe4 29. h3 1-0

[Event "Open 2003 des PSV Rostock"]
[Site "Rostock"]
[Date "2003.08.28"]
[Round "2.21"]
[White "Ernst, Mathias"]
[Black "Roehl, Rainer"]
[Result "1/2-1/2"]
[WhiteElo "1612"]
[BlackElo "2180"]
[PlyCount "79"]
[EventDate "2003.08.28"]
[EventType "swiss"]
[EventRounds "7"]
[EventCountry "GER"]
[Source "Th. Schwetlick"]
[SourceDate "2003.08.28"]

1. e4 c5 2. Nf3 Nc6 3. d4 cxd4 4. Nxd4 e6 5. Be2 a6 6. O-O Nge7 7. Nc3 Nxd4 8.
Qxd4 Nc6 9. Qe3 Qc7 10. Kh1 b5 11. f4 Nb4 12. f5 Be7 13. fxe6 dxe6 14. Qf3 O-O
15. Qh5 e5 16. Rf3 g6 17. Rg3 Nxc2 18. Nd5 Qd6 19. Bg5 Bxg5 20. Qxg5 Kg7 21.
Rf1 f6 22. Qh4 Nd4 23. Bg4 Bxg4 24. Qxg4 f5 25. exf5 Qxd5 26. h4 Rf6 27. h5
Raf8 28. Rd1 Rxf5 29. hxg6 h5 30. Qh4 Qd8 31. Qe4 Qf6 32. Qb7+ Rf7 33. gxf7+
Rg5 34. Rxg5+ Qxg5 35. f8=Q+ Kxf8 36. Qc8+ Ke7 37. Qc7+ Ke6 38. Qc8+ Ke7 39.
Qc7+ Ke6 40. Qc8+ 1/2-1/2

[Event "Open 2003 des PSV Rostock"]
[Site "Rostock"]
[Date "2003.08.28"]
[Round "2.22"]
[White "Gebert, Ralf"]
[Black "Roehl, Ivonne"]
[Result "0-1"]
[WhiteElo "1815"]
[BlackElo "1588"]
[PlyCount "98"]
[EventDate "2003.08.28"]
[EventType "swiss"]
[EventRounds "7"]
[EventCountry "GER"]
[Source "Th. Schwetlick"]
[SourceDate "2003.08.28"]

1. e4 c5 2. Nf3 Nc6 3. d4 cxd4 4. Nxd4 a6 5. Nc3 e6 6. a3 Nge7 7. Nb3 b5 8. Bf4
Ng6 9. Be3 d6 10. Be2 Bb7 11. O-O Rc8 12. Nd2 Be7 13. f4 O-O 14. Nf3 Na5 15.
Nd2 Qc7 16. Rc1 Bf6 17. Ndb1 Rfd8 18. Qe1 Nc4 19. Bxc4 Qxc4 20. Bb6 Rd7 21. Rd1
b4 22. axb4 Qxb4 23. Qe3 Qxb2 24. e5 Be7 25. Rf2 Qb4 26. g3 Rc6 27. Ba7 Rdc7
28. Na2 Qa5 29. Bb8 Rd7 30. Nac3 d5 31. f5 Bc5 32. Qe2 Bxf2+ 33. Qxf2 exf5 34.
Qxf5 Qc5+ 35. Kg2 Rd8 36. Bd6 Qa7 37. Rf1 Bc8 38. Qg5 Qd7 39. Kg1 h6 40. Qe3
Nf8 41. Qf4 Ne6 42. Qf2 Nc7 43. Na4 Nb5 44. Nb6 Qb7 45. Bc5 Bh3 46. Rd1 d4 47.
Na4 Rdc8 48. Qf3 Qc7 49. g4 Bxg4 0-1

[Event "Open 2003 des PSV Rostock"]
[Site "Rostock"]
[Date "2003.08.28"]
[Round "2.23"]
[White "Hinkelmann, Dieter"]
[Black "Laser, Dirk"]
[Result "0-1"]
[WhiteElo "1552"]
[BlackElo "1801"]
[PlyCount "49"]
[EventDate "2003.08.28"]
[EventType "swiss"]
[EventRounds "7"]
[EventCountry "GER"]
[Source "Th. Schwetlick"]
[SourceDate "2003.08.28"]

1. e4 c5 2. Nf3 d6 3. d4 cxd4 4. Nxd4 Nf6 5. Nc3 g6 6. Be2 Bg7 7. Be3 O-O 8.
O-O Nc6 9. f4 Bd7 10. f5 Rc8 11. Nxc6 Bxc6 12. Qd3 Qa5 13. Bd4 b5 14. a3 Rfd8
15. Qe3 Ra8 16. fxg6 hxg6 17. e5 dxe5 18. Bxe5 b4 19. axb4 Qxb4 20. Kh1 Qxb2
21. Nd5 Nxd5 22. Bxb2 Nxe3 23. Bxg7 Bxg2+ 24. Kg1 Bxf1 25. Bxf1 0-1

[Event "Open 2003 des PSV Rostock"]
[Site "Rostock"]
[Date "2003.08.28"]
[Round "2.24"]
[White "Feige, Rene"]
[Black "Salden, Franziska"]
[Result "1-0"]
[WhiteElo "1796"]
[BlackElo "1513"]
[PlyCount "129"]
[EventDate "2003.08.28"]
[EventType "swiss"]
[EventRounds "7"]
[EventCountry "GER"]
[Source "Th. Schwetlick"]
[SourceDate "2003.08.28"]

1. Nf3 d5 2. c4 e6 3. e3 Nf6 4. Nc3 Nbd7 5. d4 Be7 6. Bd3 O-O 7. O-O dxc4 8.
Bxc4 b6 9. b3 Bb7 10. Bb2 c5 11. dxc5 Bxc5 12. Rc1 Qe7 13. Qe2 Rfd8 14. Nb5 Ne4
15. Rcd1 Nd6 16. Nxd6 Bxd6 17. Nd4 Qh4 18. f4 Nf6 19. Nb5 Bc5 20. Nd4 Ne4 21.
Nf3 Qe7 22. Bd3 Rac8 23. Nd2 Nxd2 24. Rxd2 Rc7 25. Kh1 Rcd7 26. Rdd1 Rd6 27. e4
Qd7 28. Bc2 Bc6 29. Qc4 Rxd1 30. Bxd1 Bd4 31. Ba3 Bxe4 32. Bc2 Bxc2 33. Qxc2
Bf6 34. Bb4 Rc8 35. Qe2 Rd8 36. g4 g6 37. f5 Qd5+ 38. Qg2 Qxg2+ 39. Kxg2 exf5
40. gxf5 Rd4 41. fxg6 Rxb4 42. gxh7+ Kxh7 43. Rxf6 Kg7 44. Rf3 Rd4 45. Kg3 Kg6
46. h3 Rd2 47. a4 Rd4 48. Rc3 f6 49. Rf3 Kg5 50. Kf2 f5 51. Ke2 Re4+ 52. Re3
Rxe3+ 53. Kxe3 Kh4 54. Kf4 Kxh3 55. Kxf5 Kg3 56. Ke4 Kf2 57. Kd3 Ke1 58. b4 Kd1
59. Kc4 Kc2 60. Kb5 Kb3 61. a5 Ka3 62. a6 Kb3 63. Kc6 Kxb4 64. Kb7 Kc5 65. Kxa7
1-0

[Event "Open 2003 des PSV Rostock"]
[Site "Rostock"]
[Date "2003.08.28"]
[Round "2.25"]
[White "Niessner, Robert"]
[Black "Kasper, Mike"]
[Result "1-0"]
[WhiteElo "1533"]
[BlackElo "1794"]
[PlyCount "99"]
[EventDate "2003.08.28"]
[EventType "swiss"]
[EventRounds "7"]
[EventCountry "GER"]
[Source "Th. Schwetlick"]
[SourceDate "2003.08.28"]

1. e4 c5 2. Nf3 Nc6 3. d4 cxd4 4. Nxd4 g6 5. Be3 Bg7 6. c4 Qb6 7. Nb5 Qd8 8.
N1c3 a6 9. Nd4 Nf6 10. Be2 O-O 11. O-O d6 12. Qd2 Bd7 13. Rfd1 Rc8 14. b3 Ng4
15. Bxg4 Bxg4 16. f3 Bd7 17. Rac1 h5 18. Nd5 Kh7 19. Nxc6 bxc6 20. Bb6 Qe8 21.
Nc7 Qd8 22. Qa5 Rb8 23. c5 dxc5 24. Rxc5 Rg8 25. Rxc6 Bxc6 26. Rxd8 Rgxd8 27.
Nd5 Rd7 28. Be3 e6 29. Nf4 Bb5 30. h3 Rc8 31. a4 Rd1+ 32. Kh2 Bf1 33. b4 Rc2
34. h4 Re1 35. Bb6 Rb1 36. Bd8 Rbb2 37. Qg5 Rxb4 38. Qe7 Rbb2 39. Qxf7 Bxg2 40.
Qxg6+ Kh8 41. Qxh5+ Kg8 42. Qe8+ Kh7 43. Qg6+ Kh8 44. Kg3 Bf1 45. Qe8+ Kh7 46.
Qxe6 Ra2 47. Nh5 Rg2+ 48. Kf4 Rxa4 49. Bg5 Ra5 50. Qf7 1-0

[Event "Open 2003 des PSV Rostock"]
[Site "Rostock"]
[Date "2003.08.28"]
[Round "2.26"]
[White "Jaeger, Frank"]
[Black "Wessolek, Peter"]
[Result "1-0"]
[WhiteElo "1780"]
[BlackElo "1492"]
[PlyCount "55"]
[EventDate "2003.08.28"]
[EventType "swiss"]
[EventRounds "7"]
[EventCountry "GER"]
[Source "Th. Schwetlick"]
[SourceDate "2003.08.28"]

1. e4 e6 2. d4 d5 3. exd5 exd5 4. Bd3 Nf6 5. Nf3 Bg4 6. O-O Nc6 7. c3 Be7 8.
Bf4 Qd7 9. Nbd2 O-O 10. Qc2 Bxf3 11. Nxf3 h6 12. Bf5 Qd8 13. Rfe1 Bd6 14. Ne5
Nh5 15. Bd2 Nxe5 16. dxe5 Bc5 17. Bg4 Bxf2+ 18. Kxf2 Qh4+ 19. Kf3 f5 20. Bxh5
Qxh5+ 21. Kf2 Qh4+ 22. Kg1 f4 23. Rf1 Qg4 24. Rf3 Rf5 25. Raf1 Raf8 26. e6 g5
27. e7 Re8 28. h3 1-0

[Event "Open 2003 des PSV Rostock"]
[Site "Rostock"]
[Date "2003.08.28"]
[Round "2.27"]
[White "Glebow, Roman"]
[Black "Herde, Dittmar"]
[Result "1/2-1/2"]
[WhiteElo "1498"]
[BlackElo "1773"]
[PlyCount "31"]
[EventDate "2003.08.28"]
[EventType "swiss"]
[EventRounds "7"]
[EventCountry "GER"]
[Source "Th. Schwetlick"]
[SourceDate "2003.08.28"]

1. e4 c5 2. Nf3 d6 3. d4 cxd4 4. Nxd4 Nf6 5. Nc3 g6 6. f3 Bg7 7. Be3 O-O 8. Bc4
Nc6 9. Qd2 Bd7 10. O-O-O Qa5 11. Bb3 Rfc8 12. h4 Ne5 13. Kb1 Nc4 14. Bxc4 Rxc4
15. g4 Rac8 16. h5 1/2-1/2

[Event "Open 2003 des PSV Rostock"]
[Site "Rostock"]
[Date "2003.08.28"]
[Round "2.28"]
[White "Kripfganz, Sebastian"]
[Black "Uphoff, Juergen"]
[Result "1-0"]
[WhiteElo "1764"]
[BlackElo "1413"]
[PlyCount "35"]
[EventDate "2003.08.28"]
[EventType "swiss"]
[EventRounds "7"]
[EventCountry "GER"]
[Source "Th. Schwetlick"]
[SourceDate "2003.08.28"]

1. c4 e6 2. Nc3 Nf6 3. Nf3 b6 4. g3 Bb7 5. Bg2 Be7 6. O-O O-O 7. a3 d5 8. cxd5
Nxd5 9. d3 Nxc3 10. bxc3 Nd7 11. Rb1 Nf6 12. a4 Rc8 13. a5 Ba8 14. c4 Qd7 15.
h3 bxa5 16. Bd2 a4 17. Ra1 Bc6 18. Ne5 1-0

[Event "Open 2003 des PSV Rostock"]
[Site "Rostock"]
[Date "2003.08.28"]
[Round "2.29"]
[White "Mueggenburg, Rolf"]
[Black "Boettcher, Dietmar"]
[Result "1-0"]
[WhiteElo "1460"]
[BlackElo "1751"]
[PlyCount "67"]
[EventDate "2003.08.28"]
[EventType "swiss"]
[EventRounds "7"]
[EventCountry "GER"]
[Source "Th. Schwetlick"]
[SourceDate "2003.08.28"]

1. Nc3 d5 2. d4 Bg4 3. Nf3 e6 4. e3 Nf6 5. Be2 Bd6 6. h3 Bf5 7. Nh4 Be4 8. Nf3
O-O 9. Bd3 Bxd3 10. Qxd3 c5 11. a3 Nc6 12. dxc5 Bxc5 13. b4 Bd6 14. O-O Rc8 15.
Bb2 a6 16. Rab1 Qc7 17. Rfc1 Rfd8 18. Ne2 e5 19. Nh4 d4 20. e4 Bxb4 21. axb4
Nxb4 22. Qb3 Nxc2 23. Qd3 b5 24. Nf5 g6 25. Nfg3 Qc4 26. Qd2 d3 27. Bxe5 Nxe4
28. Nxe4 Qxe4 29. Bf4 Rd6 30. Nc3 Qc6 31. Be5 Rdd8 32. Nd1 Qe4 33. Bc3 Rc4 34.
Rxc2 1-0

[Event "Open 2003 des PSV Rostock"]
[Site "Rostock"]
[Date "2003.08.28"]
[Round "2.30"]
[White "Vladov, Mark"]
[Black "Kupfer, Wilfried"]
[Result "1-0"]
[WhiteElo "1735"]
[BlackElo "1185"]
[PlyCount "64"]
[EventDate "2003.08.28"]
[EventType "swiss"]
[EventRounds "7"]
[EventCountry "GER"]
[Source "Th. Schwetlick"]
[SourceDate "2003.08.28"]

1. Nf3 c5 2. c4 Nc6 3. b3 d6 4. g3 Bf5 5. Bg2 e6 6. Bb2 Be7 7. Bxg7 Bf6 8. Bxh8
Bxh8 9. Nc3 Nb4 10. Rc1 Qa5 11. a4 Bxc3 12. Rxc3 Nf6 13. Nh4 Na2 14. Re3 Bg6
15. Nxg6 hxg6 16. Qa1 Nb4 17. Qxf6 Nc2+ 18. Kd1 Nxe3+ 19. fxe3 Rd8 20. Rf1 Rd7
21. Rf4 Qb6 22. Kc2 d5 23. Rh4 Re7 24. cxd5 c4 25. Rxc4 Kd7 26. dxe6+ fxe6 27.
Rd4+ Ke8 28. Qxg6+ Rf7 29. Rf4 Qc5+ 30. Kb1 Qe7 31. Qxf7+ Qxf7 32. Rxf7 Kxf7
1-0

[Event "Open 2003 des PSV Rostock"]
[Site "Rostock"]
[Date "2003.08.28"]
[Round "2.31"]
[White "Ehlers, Michael"]
[Black "Rath, Wolfgang"]
[Result "1-0"]
[WhiteElo "1340"]
[BlackElo "1730"]
[PlyCount "41"]
[EventDate "2003.08.28"]
[EventType "swiss"]
[EventRounds "7"]
[EventCountry "GER"]
[Source "Th. Schwetlick"]
[SourceDate "2003.08.28"]

1. f4 Nf6 2. Nf3 g6 3. e3 Bg7 4. Bc4 d5 5. Bb3 Nc6 6. O-O Na5 7. Nc3 Nxb3 8.
axb3 O-O 9. d3 c6 10. e4 Ng4 11. Bd2 Qb6+ 12. d4 Bxd4+ 13. Kh1 Bxc3 14. Bxc3
Nf2+ 15. Rxf2 Qxf2 16. Bd4 dxe4 17. Bxf2 Bg4 18. h3 Rfd8 19. Qe1 exf3 20. hxg4
fxg2+ 21. Kxg2 1-0

[Event "Open 2003 des PSV Rostock"]
[Site "Rostock"]
[Date "2003.08.28"]
[Round "2.32"]
[White "Deicke, Detlef"]
[Black "Raitza, Egon"]
[Result "0-1"]
[WhiteElo "995"]
[BlackElo "1684"]
[PlyCount "78"]
[EventDate "2003.08.28"]
[EventType "swiss"]
[EventRounds "7"]
[EventCountry "GER"]
[Source "Th. Schwetlick"]
[SourceDate "2003.08.28"]

1. Nf3 d5 2. c4 c6 3. b3 Nf6 4. Bb2 e6 5. g3 Be7 6. Bg2 Qb6 7. cxd5 exd5 8. O-O
O-O 9. d3 Bf5 10. Nbd2 Nbd7 11. Qc2 h6 12. Nh4 Bh7 13. Rae1 Rfe8 14. e4 dxe4
15. dxe4 Qc5 16. Qd3 Rad8 17. Nf5 Ne5 18. Nxe7+ Qxe7 19. Qc2 Nd3 20. Bxf6 Qxf6
21. Re2 Qe7 22. Qb1 Qc5 23. Nc4 f5 24. Re3 fxe4 25. Rd1 Rf8 26. Rd2 b5 27. Qf1
bxc4 28. Bxe4 Bxe4 29. Rxe4 Qa5 30. Rc2 c3 31. Ree2 Ne5 32. Rxe5 Qxe5 33. Qc4+
Kh8 34. Qxc3 Qxc3 35. Rxc3 Rd2 36. a3 Rfxf2 37. g4 Rg2+ 38. Kf1 Rxh2 39. Rg3
Rd1# 0-1

[Event "Open 2003 des PSV Rostock"]
[Site "Rostock"]
[Date "2003.08.29"]
[Round "3.1"]
[White "Knuth, Hannes"]
[Black "Gottschalk, Jens"]
[Result "0-1"]
[WhiteElo "2313"]
[BlackElo "2195"]
[PlyCount "64"]
[EventDate "2003.08.28"]
[EventType "swiss"]
[EventRounds "7"]
[EventCountry "GER"]
[Source "Th. Schwetlick"]
[SourceDate "2003.08.28"]

1. d4 Nf6 2. c4 c5 3. d5 b5 4. cxb5 a6 5. e3 axb5 6. Bxb5 Qa5+ 7. Nc3 Bb7 8.
Bc4 e6 9. Bd2 Qb6 10. Nge2 exd5 11. Bb3 Bd6 12. O-O O-O 13. Be1 Qc6 14. f3 Re8
15. Qd2 Na6 16. Bh4 c4 17. Bc2 Be5 18. Rad1 Nc7 19. g4 Bxc3 20. Nxc3 Nxg4 21.
fxg4 d4 22. e4 dxc3 23. Qxd7 f6 24. Rd6 Qxd7 25. Rxd7 Bxe4 26. Bxe4 Rxe4 27.
bxc3 Nb5 28. Rc1 Rxg4+ 29. Bg3 h5 30. Kf2 Rxa2+ 31. Kf3 Ra3 32. Be1 Nd4+ 0-1

[Event "Open 2003 des PSV Rostock"]
[Site "Rostock"]
[Date "2003.08.29"]
[Round "3.2"]
[White "Dettmann, Gerd"]
[Black "Tomczak, Rafal"]
[Result "1/2-1/2"]
[WhiteElo "2162"]
[BlackElo "2295"]
[PlyCount "93"]
[EventDate "2003.08.28"]
[EventType "swiss"]
[EventRounds "7"]
[EventCountry "GER"]
[Source "Th. Schwetlick"]
[SourceDate "2003.08.28"]

1. e4 c5 2. Nf3 d6 3. d4 cxd4 4. Nxd4 Nf6 5. Nc3 a6 6. Bg5 e6 7. f4 Be7 8. Qf3
Qc7 9. O-O-O Nbd7 10. g4 h6 11. Bxf6 Bxf6 12. Bg2 g5 13. fxg5 Bxg5+ 14. Kb1 Ne5
15. Qe2 Bd7 16. h4 Be7 17. Rh3 Qb6 18. Qd2 Rc8 19. Bf1 Nxg4 20. e5 Nxe5 21. Ne4
d5 22. Rb3 Qc7 23. Ng3 Bxh4 24. Nh5 Bg5 25. Qe1 b5 26. Bg2 O-O 27. Rg3 Ng6 28.
Qf2 f5 29. Re1 Qc5 30. c3 e5 31. Rxg5 hxg5 32. Qg3 e4 33. Qxg5 Qd6 34. Bh3 Kh7
35. Rg1 e3 36. Nxf5 Bxf5+ 37. Bxf5 Rxf5 38. Qxf5 Rf8 39. Qg4 b4 40. Ng3 Qe5 41.
Rh1+ Kg7 42. Nh5+ Kf7 43. Rf1+ Ke7 44. Qxb4+ Ke8 45. Qa4+ Ke7 46. Qb4+ Ke8 47.
Qa4+ 1/2-1/2

[Event "Open 2003 des PSV Rostock"]
[Site "Rostock"]
[Date "2003.08.29"]
[Round "3.3"]
[White "Hueneburg, Christian"]
[Black "Hornych, Christoph"]
[Result "1-0"]
[WhiteElo "2268"]
[BlackElo "2169"]
[PlyCount "149"]
[EventDate "2003.08.28"]
[EventType "swiss"]
[EventRounds "7"]
[EventCountry "GER"]
[Source "Th. Schwetlick"]
[SourceDate "2003.08.28"]

1. e4 c6 2. d3 d5 3. Nd2 dxe4 4. dxe4 g6 5. Ngf3 Bg7 6. g3 Nf6 7. Bg2 O-O 8.
O-O Bg4 9. h3 Bxf3 10. Qxf3 Nbd7 11. Rd1 Qc7 12. Nb3 Rad8 13. Be3 b6 14. Qe2 e5
15. a4 Nb8 16. f3 c5 17. Bf1 Nc6 18. c3 Rxd1 19. Rxd1 Rd8 20. Rd2 Nd7 21. Qd1
Ndb8 22. Kg2 Rxd2+ 23. Qxd2 Qd7 24. Bb5 Qxd2+ 25. Nxd2 Bf8 26. Nc4 f6 27. f4
Kg7 28. fxe5 fxe5 29. g4 h6 30. g5 h5 31. Bf2 Kf7 32. Ne3 Be7 33. Bc4+ Kg7 34.
h4 Bd8 35. Bg3 Kf8 36. Bd5 Bc7 37. Nc4 a5 38. Kf3 Kg7 39. Ke2 Kf8 40. Kd3 Ke7
41. Ne3 Na7 42. Kc4 Nd7 43. Bb7 Kd6 44. Kd3 Ke6 45. Nc4 Ke7 46. Bf2 Kd8 47. Be1
Nb8 48. Ne3 Kd7 49. Bd5 Ke7 50. b4 cxb4 51. cxb4 Na6 52. bxa5 bxa5 53. Kc4 Bb6
54. Nd1 Nc5 55. Bxa5 Nxa4 56. Kb4 Bxa5+ 57. Kxa5 Nc5 58. Kb6 Nd3 59. Kxa7 Nf4
60. Ne3 Kd6 61. Kb6 Nd3 62. Bf7 Nf4 63. Nc4+ Ke7 64. Nxe5 Ng2 65. Bxg6 Nxh4 66.
Bxh5 Ke6 67. Ng4 Ke7 68. Ne3 Ke6 69. g6 Kf6 70. e5+ Kg7 71. e6 Nxg6 72. Bxg6
Kf6 73. Bf7 Ke7 74. Kc6 Kd8 75. Kd6 1-0

[Event "Open 2003 des PSV Rostock"]
[Site "Rostock"]
[Date "2003.08.29"]
[Round "3.4"]
[White "Wagner Michel, Annett"]
[Black "Steinhagen, Bernd"]
[Result "0-1"]
[WhiteElo "2145"]
[BlackElo "2222"]
[PlyCount "120"]
[EventDate "2003.08.28"]
[EventType "swiss"]
[EventRounds "7"]
[EventCountry "GER"]
[Source "Th. Schwetlick"]
[SourceDate "2003.08.28"]

1. e4 c5 2. Nf3 e6 3. d4 cxd4 4. Nxd4 Nf6 5. Nc3 Nc6 6. g3 Bb4 7. Bg2 d5 8.
exd5 Nxd5 9. Nxc6 bxc6 10. O-O Ba6 11. Ne2 O-O 12. c3 Bc5 13. Qc2 Qf6 14. Qe4
Rfd8 15. Qf3 e5 16. Re1 Rab8 17. h4 h6 18. b4 Bb6 19. Bb2 Bc4 20. a3 Qxf3 21.
Bxf3 f5 22. Rad1 Nf6 23. Nc1 e4 24. Be2 Bxe2 25. Nxe2 Ng4 26. Nd4 Ne5 27. Kg2
Bxd4 28. Rxd4 Rxd4 29. cxd4 Nd3 30. Rb1 Kf7 31. Kf1 Ke6 32. Ke2 Kd5 33. Ke3 g6
34. f4 Rb6 35. Bc3 a5 36. Bd2 axb4 37. axb4 h5 38. Rb3 Rb8 39. Ra3 Nxb4 40.
Ra5+ Kd6 41. Bxb4+ Rxb4 42. Ra3 Rb2 43. Ra8 Rg2 44. Rd8+ Ke7 45. Rc8 Kd7 46.
Rg8 Rxg3+ 47. Kd2 Ke6 48. Re8+ Kd5 49. Rd8+ Kc4 50. Rd6 Kb5 51. Ke2 Rg4 52. Ke3
Rxh4 53. Rxg6 Rh3+ 54. Ke2 Rf3 55. Rg5 Rxf4 56. Rxh5 Kc4 57. Rh6 Kxd4 58. Rxc6
Rh4 59. Ra6 Rh2+ 60. Ke1 e3 0-1

[Event "Open 2003 des PSV Rostock"]
[Site "Rostock"]
[Date "2003.08.29"]
[Round "3.5"]
[White "Jeske, Eckhard"]
[Black "Schroeder, Christian"]
[Result "0-1"]
[WhiteElo "2213"]
[BlackElo "2155"]
[PlyCount "154"]
[EventDate "2003.08.28"]
[EventType "swiss"]
[EventRounds "7"]
[EventCountry "GER"]
[Source "Th. Schwetlick"]
[SourceDate "2003.08.28"]

1. c4 e5 2. Nc3 d6 3. e4 Nc6 4. g3 g6 5. Bg2 Bg7 6. Nge2 Nge7 7. O-O O-O 8. Rb1
a5 9. Nd5 Be6 10. b3 Qd7 11. Bb2 f5 12. d3 g5 13. Nxe7+ Qxe7 14. exf5 Bxf5 15.
Nc3 Rae8 16. Nd5 Qd7 17. Qd2 h6 18. Rbe1 Rf7 19. a3 Bh3 20. f3 Ref8 21. b4 axb4
22. axb4 Bxg2 23. Kxg2 Qf5 24. Qe2 Kh8 25. h3 Nd8 26. Qe4 Qxe4 27. dxe4 Ne6 28.
Ne3 Nd4 29. Bxd4 exd4 30. Nf5 Rd7 31. Ra1 Kh7 32. Ra7 c5 33. b5 Re8 34. Rf2 h5
35. Re2 Be5 36. Rea2 Rf7 37. R7a3 Rg8 38. Kf2 h4 39. g4 Kg6 40. Ra8 Rxa8 41.
Rxa8 Kf6 42. Re8 b6 43. Ra8 Bf4 44. Ke2 Bh2 45. Kd3 Ke5 46. Ra2 Bg3 47. Ke2 Ke6
48. Ra1 Be5 49. Ra8 Kf6 50. Kd3 Bg3 51. Ra1 Rd7 52. Ra8 Ke5 53. Ke2 Kf4 54. Rf8
Ke5 55. Re8+ Kf6 56. Ra8 Bf4 57. Nh6 Kg6 58. Nf5 Kf6 59. Kd3 Bc1 60. Ra6 Rb7
61. Nxd6 Rb8 62. Ra1 Be3 63. Nf5 Bf4 64. Ra7 Ke6 65. Ne7 Rf8 66. Nf5 Bb8 67.
Re7+ Kf6 68. Rb7 Ke5 69. Rxb6 Kf4 70. Ra6 Kxf3 71. Ra2 Bg3 72. b6 Rb8 73. Rb2
Rb7 74. Nh6 Bb8 75. Nf5 Be5 76. Rb5 Bf4 77. Rxc5 Kg2 {ZÜ} 0-1

[Event "Open 2003 des PSV Rostock"]
[Site "Rostock"]
[Date "2003.08.29"]
[Round "3.6"]
[White "Miersch, Marco"]
[Black "Seils, Joerg"]
[Result "0-1"]
[WhiteElo "2106"]
[BlackElo "2370"]
[PlyCount "78"]
[EventDate "2003.08.28"]
[EventType "swiss"]
[EventRounds "7"]
[EventCountry "GER"]
[Source "Th. Schwetlick"]
[SourceDate "2003.08.28"]

1. e4 c5 2. Nf3 d6 3. d4 cxd4 4. Nxd4 Nf6 5. Nc3 Nc6 6. Bg5 e5 7. Bxf6 gxf6 8.
Nf3 Be6 9. Qd2 Qa5 10. Rd1 Rd8 11. Bb5 a6 12. Ba4 d5 13. exd5 Bb4 14. Bb3 Ne7
15. O-O Bxc3 16. bxc3 Nxd5 17. Qh6 Ke7 18. Nh4 Nf4 19. Qg7 Nh3+ 20. Kh1 Nxf2+
21. Kg1 Rxd1 22. Kxf2 Qc5+ 23. Ke2 Rxf1 24. Kxf1 Bc4+ 25. Bxc4 Qxc4+ 26. Kg1
Qxh4 27. g3 Qg5 28. Qxh8 Qc1+ 29. Kg2 Qxc2+ 30. Kh3 Qf5+ 31. Kg2 e4 32. Qb8
Qf3+ 33. Kg1 e3 34. Qc7+ Kf8 35. Qf4 Qd1+ 36. Kg2 e2 37. Qb4+ Ke8 38. Qe4+ Kd8
39. Kf2 Qf1+ 0-1

[Event "Open 2003 des PSV Rostock"]
[Site "Rostock"]
[Date "2003.08.29"]
[Round "3.7"]
[White "Schramm, Christian"]
[Black "Hammel, Ralf"]
[Result "1-0"]
[WhiteElo "2353"]
[BlackElo "2120"]
[PlyCount "73"]
[EventDate "2003.08.28"]
[EventType "swiss"]
[EventRounds "7"]
[EventCountry "GER"]
[Source "Th. Schwetlick"]
[SourceDate "2003.08.28"]

1. e4 e6 2. d4 d5 3. Nc3 Bb4 4. e5 c5 5. a3 Bxc3+ 6. bxc3 Ne7 7. Qg4 Qc7 8.
Qxg7 Rg8 9. Qxh7 cxd4 10. Kd1 Nbc6 11. Nf3 dxc3 12. Ng5 Nxe5 13. f4 f6 14. fxe5
fxg5 15. Qh5+ Kd8 16. Bxg5 Qc5 17. Qh4 Bd7 18. Bd3 Rxg5 19. Qxg5 Kc7 20. Qf4 d4
21. Be4 Bb5 22. Kc1 Rd8 23. Rd1 Be2 24. Re1 Bb5 25. Rd1 Be2 26. Re1 Bb5 27. h4
a5 28. h5 d3 29. cxd3 Bxd3 30. Bxd3 Rxd3 31. h6 Nd5 32. Qf7+ Kb8 33. h7 Rd1+
34. Kxd1 c2+ 35. Kc1 Qc3 36. h8=Q+ Ka7 37. Qf2+ {ZÜ} 1-0

[Event "Open 2003 des PSV Rostock"]
[Site "Rostock"]
[Date "2003.08.29"]
[Round "3.8"]
[White "Ruesch, Hans Joachim"]
[Black "Porsch, Harald"]
[Result "1/2-1/2"]
[WhiteElo "2110"]
[BlackElo "2248"]
[PlyCount "27"]
[EventDate "2003.08.28"]
[EventType "swiss"]
[EventRounds "7"]
[EventCountry "GER"]
[Source "Th. Schwetlick"]
[SourceDate "2003.08.28"]

1. d4 Nf6 2. Nf3 d5 3. c4 c6 4. Nc3 e6 5. e3 Be7 6. Qc2 Nbd7 7. e4 dxe4 8. Nxe4
Nxe4 9. Qxe4 Nf6 10. Qc2 Bb4+ 11. Bd2 Bxd2+ 12. Qxd2 O-O 13. Bd3 Qc7 14. O-O
1/2-1/2

[Event "Open 2003 des PSV Rostock"]
[Site "Rostock"]
[Date "2003.08.29"]
[Round "3.9"]
[White "Prosch, Carsten"]
[Black "Kutschke, Peter"]
[Result "1/2-1/2"]
[WhiteElo "2236"]
[BlackElo "2109"]
[PlyCount "136"]
[EventDate "2003.08.28"]
[EventType "swiss"]
[EventRounds "7"]
[EventCountry "GER"]
[Source "Th. Schwetlick"]
[SourceDate "2003.08.28"]

1. Nf3 d5 2. g3 Bf5 3. Bg2 h6 4. d3 c6 5. Nbd2 Nf6 6. O-O Nbd7 7. e3 e5 8. Qe2
Bd6 9. e4 Be6 10. b3 Qc7 11. Bb2 dxe4 12. dxe4 O-O-O 13. Nc4 Bxc4 14. Qxc4 Nb6
15. Qe2 Qe7 16. b4 Na4 17. Rab1 Nxb2 18. Rxb2 Nd7 19. b5 c5 20. Nd2 Bc7 21. a4
Nb6 22. Rb3 Qd6 23. Rd3 Qe6 24. a5 Rxd3 25. cxd3 Nd7 26. Nc4 b6 27. a6 g5 28.
Rd1 h5 29. Qf3 h4 30. Qf5 g4 31. Qxe6 fxe6 32. f3 h3 33. Bh1 Nf6 34. Kf2 Rd8
35. Ke2 Rd4 36. Rf1 Rd8 37. Rf2 Rg8 38. Ne3 gxf3+ 39. Bxf3 Kd7 40. Kd2 Ke7 41.
Be2 Nh7 42. Kc3 Ng5 43. Ng4 Rg6 44. Ne3 Rg8 45. Nc4 Rh8 46. Kd2 Rd8 47. Ke3 Rd4
48. Rf1 Rd8 49. g4 Rh8 50. Nd2 Bd8 51. Kf2 Rf8+ 52. Kg3 Rh8 53. Nc4 Bc7 54. Rf2
Rh7 55. Bf1 Rh8 56. Nd2 Bd8 57. Nf3 Kd6 58. Nxg5 Bxg5 59. Rf7 Bf4+ 60. Kf2 Bxh2
61. Bxh3 Rxh3 62. Kg2 Rh8 63. Rxa7 Bf4 64. Rb7 Rh2+ 65. Kg1 Ra2 66. Rxb6+ Ke7
67. Rb7+ Kf6 68. a7 c4 1/2-1/2